Labour productivity of the EU member states in selected sections of economy
Produktivita práce ako faktor rastu ekonomiky. Príspevok analyzuje produktivitu práce v EÚ 28 a krajín V4. Identifikácia vývoja a rozdielov v produktivite práce počas rokov 2005-2016 na úrovni členských štátov EÚ. Porovnanie produktivity práce vo vybraných sekciách ekonomiky na Slovensku a v Česku.
Gespeichert in:
| 1. Verfasser: | |
|---|---|
| Weitere Verfasser: | |
| Format: | Buchkapitel |
| Sprache: | Englisch |
| Schlagworte: | |
| Tags: |
Keine Tags, Fügen Sie das erste Tag hinzu!
|
MARC
| LEADER | 00000naa$a2200000$$$4500 | ||
|---|---|---|---|
| 001 | 0237780 | ||
| 005 | 20240502083636.2 | ||
| 041 | 0 | |a eng | |
| 044 | |a CZ | ||
| 245 | 1 | 0 | |a Labour productivity of the EU member states in selected sections of economy |c Anna Rozkošová, Silvia Megyesiová |
| 520 | |a Produktivita práce ako faktor rastu ekonomiky. Príspevok analyzuje produktivitu práce v EÚ 28 a krajín V4. Identifikácia vývoja a rozdielov v produktivite práce počas rokov 2005-2016 na úrovni členských štátov EÚ. Porovnanie produktivity práce vo vybraných sekciách ekonomiky na Slovensku a v Česku. | ||
| 610 | 2 | 0 | |a produktivita práce |
| 610 | 2 | 0 | |a Európska únia |
| 610 | 2 | 0 | |a Česko |
| 610 | 2 | 0 | |a Slovensko |
| 610 | 2 | 0 | |a Vyšehradská štvorka |
| 610 | 2 | 0 | |a disparita |
| 100 | 1 | |a Rozkošová, Anna | |
| 700 | 1 | |a Megyesiová, Silvia, 1969- | |